<?xml version="1.0" encoding="UTF-8"?>
<record
    xmlns:xsi="http://www.w3.org/2001/XMLSchema-instance"
    xsi:schemaLocation="http://www.loc.gov/MARC21/slim http://www.loc.gov/standards/marcxml/schema/MARC21slim.xsd"
    xmlns="http://www.loc.gov/MARC21/slim">

  <leader>00388nam a22001217a 4500</leader>
  <datafield tag="082" ind1=" " ind2=" ">
    <subfield code="a">347.549106</subfield>
    <subfield code="b">MAH</subfield>
  </datafield>
  <datafield tag="100" ind1=" " ind2=" ">
    <subfield code="a">Mahmood, M.</subfield>
  </datafield>
  <datafield tag="245" ind1=" " ind2=" ">
    <subfield code="a">An Exhaustive Commentary on The Qanun-e-Shahadat Order, 1984:</subfield>
    <subfield code="b">Improved and Enlarged /</subfield>
    <subfield code="c">M. Mahmood and Jawad Mahmood Pasha</subfield>
  </datafield>
  <datafield tag="260" ind1=" " ind2=" ">
    <subfield code="a">Lahore:</subfield>
    <subfield code="b">Al-Qanoon Publishers,</subfield>
    <subfield code="c">2024.</subfield>
  </datafield>
  <datafield tag="300" ind1=" " ind2=" ">
    <subfield code="a">1688 p. ;</subfield>
    <subfield code="c">24 cm.</subfield>
  </datafield>
  <datafield tag="563" ind1=" " ind2=" ">
    <subfield code="a">HB.</subfield>
  </datafield>
  <datafield tag="942" ind1=" " ind2=" ">
    <subfield code="2">ddc</subfield>
    <subfield code="c">BK</subfield>
  </datafield>
  <datafield tag="999" ind1=" " ind2=" ">
    <subfield code="c">613904</subfield>
    <subfield code="d">613904</subfield>
  </datafield>
  <datafield tag="952" ind1=" " ind2=" ">
    <subfield code="0">0</subfield>
    <subfield code="1">0</subfield>
    <subfield code="2">ddc</subfield>
    <subfield code="4">0</subfield>
    <subfield code="6">347_549106000000000_MAH</subfield>
    <subfield code="7">0</subfield>
    <subfield code="9">640086</subfield>
    <subfield code="a">NLS</subfield>
    <subfield code="b">NLS</subfield>
    <subfield code="d">2025-06-26</subfield>
    <subfield code="e">Pakistan Law House</subfield>
    <subfield code="l">3</subfield>
    <subfield code="o">347.549106 MAH</subfield>
    <subfield code="p">NLS-2024</subfield>
    <subfield code="r">2026-03-17</subfield>
    <subfield code="s">2026-02-13</subfield>
    <subfield code="w">2025-06-26</subfield>
    <subfield code="y">BK</subfield>
  </datafield>
  <datafield tag="952" ind1=" " ind2=" ">
    <subfield code="0">0</subfield>
    <subfield code="1">0</subfield>
    <subfield code="2">ddc</subfield>
    <subfield code="4">0</subfield>
    <subfield code="6">347_549106000000000_MAH</subfield>
    <subfield code="7">0</subfield>
    <subfield code="9">640087</subfield>
    <subfield code="a">NLS</subfield>
    <subfield code="b">NLS</subfield>
    <subfield code="d">2025-06-26</subfield>
    <subfield code="e">Pakistan Law House</subfield>
    <subfield code="l">3</subfield>
    <subfield code="o">347.549106 MAH</subfield>
    <subfield code="p">NLS-2025</subfield>
    <subfield code="q">2026-04-03</subfield>
    <subfield code="r">2026-03-04</subfield>
    <subfield code="s">2026-03-04</subfield>
    <subfield code="w">2025-06-26</subfield>
    <subfield code="y">BK</subfield>
  </datafield>
  <datafield tag="952" ind1=" " ind2=" ">
    <subfield code="0">0</subfield>
    <subfield code="1">0</subfield>
    <subfield code="2">ddc</subfield>
    <subfield code="4">0</subfield>
    <subfield code="6">347_549106000000000_MAH</subfield>
    <subfield code="7">0</subfield>
    <subfield code="9">640088</subfield>
    <subfield code="a">NLS</subfield>
    <subfield code="b">NLS</subfield>
    <subfield code="d">2025-06-26</subfield>
    <subfield code="e">Pakistan Law House</subfield>
    <subfield code="l">2</subfield>
    <subfield code="o">347.549106 MAH</subfield>
    <subfield code="p">NLS-2026</subfield>
    <subfield code="q">2026-03-01</subfield>
    <subfield code="r">2026-01-30</subfield>
    <subfield code="s">2026-01-30</subfield>
    <subfield code="w">2025-06-26</subfield>
    <subfield code="y">BK</subfield>
  </datafield>
</record>
